000 01415nam0a22003011 4500
001 v19\rc\2040168
005 20250620014655.0
035 _a(NLR Aleph) 005117875
090 _a7562680
_c7562680
100 _a20080925d1917 |||y0rusy50 ca
101 1 _arus
_cger
102 _aRU
105 _ay z |||||
200 1 _aНормальный рабочий день
_fР. Зейдель
_gРСДРП
210 _aСаратов
_cСарат. орг. РСДРП
_d1917
215 _a18 с.
_d21
300 _aЗагл. ориг.: Der Achtstundentag vom Standpuncte der Sozialökonomie, der Hygiene, der Moral und der Demokratíe
300 _aПер. также под загл.: 8-ми часовой рабочий день, Норма рабочего дня
451 0 _12001#$a8-ми часовой рабочий день
_t8-ми часовой рабочий день
451 0 _12001#$aНорма рабочего дня
_tНорма рабочего дня
454 0 _12001#$aDer Achtstundentag vom Standpuncte der Sozialökonomie, der Hygiene, der Moral und der Demokratíe
_tDer Achtstundentag vom Standpuncte der Sozialökonomie, der Hygiene, der Moral und der Demokratíe
700 1 _aЗейдель
_bР.
_f1850-1933
_gРоберт
801 0 _aRU
_bNLR
_gpsbo
801 0 _aRU
_bRuMoRGB
_2psbo
801 1 _aRU
_bProSoft-M
_2rusmarc
852 _aNLR
_jЭк74/В-4/14
942 _cBOOK
980 _aNB